[Event "Gibraltar Masters 2020"]
[Site "Caleta ENG"]
[Date "2020.01.24"]
[Round "4.78"]
[White "Idani, Pouya"]
[Black "Fernandez, Maria Florencia"]
[Result "1-0"]
[WhiteTitle "GM"]
[BlackTitle "WIM"]
[WhiteElo "2577"]
[BlackElo "2227"]
[WhiteFideId "12510130"]
[BlackFideId "116459"]
[EventDate "2020.01.21"]

1. e4 c5 2. Nf3 d6 3. d4 cxd4 4. Qxd4 Nc6 5. Qe3 Nf6 6. Be2 e6 7. O-O Bd7 8. c4
Rc8 9. Nc3 Be7 10. b3 O-O 11. Rd1 Ng4 12. Qf4 e5 13. Qd2 Qb6 14. Bd3 Nb4 15. Ba3
d5 16. Bxb4 Bxb4 17. Nxd5 Bxd2 18. Nxb6 axb6 19. Rxd2 Rfe8 20. Ne1 Be6 21. Nc2
Nf6 22. Rad1 Nd7 23. Ne3 Ra8 24. g3 Ra3 25. Bb1 Nc5 26. Rd6 Ra6 27. f3 Kf8 28.
Nc2 b5 29. cxb5 Rxd6 30. Rxd6 Ke7 31. Rd2 Bd7 32. Ne3 f6 33. b4 Na4 34. Nd5+ Kf8
35. Bc2 1-0

[Event "Gibraltar Masters 2020"]
[Site "Caleta ENG"]
[Date "2020.01.24"]
[Round "4.79"]
[White "Benmesbah, Natacha"]
[Black "Gordon, Stephen J"]
[Result "0-1"]
[WhiteTitle "WIM"]
[BlackTitle "GM"]
[WhiteElo "2258"]
[BlackElo "2504"]
[WhiteFideId "642002"]
[BlackFideId "411477"]
[EventDate "2020.01.21"]

1. e4 c5 2. Nf3 e6 3. Nc3 a6 4. g3 Nc6 5. Bg2 d6 6. O-O Nf6 7. d3 Be7 8. Ng5 h6
9. Nh3 Bd7 10. f4 b5 11. Nf2 O-O 12. Ne2 b4 13. g4 Nh7 14. Ng3 a5 15. Kh1 a4 16.
a3 bxa3 17. Rxa3 Nd4 18. c3 Nb3 19. d4 cxd4 20. cxd4 d5 21. Rxb3 axb3 22. exd5
exd5 23. Qxb3 Ra1 24. Bxd5 Nf6 25. Bf3 Qc8 26. Qe3 Re8 27. g5 Bb4 28. Qb3 Rxc1
29. Qxb4 Rxf1+ 30. Nxf1 hxg5 31. fxg5 Qc1 32. Kg2 Qxg5+ 33. Ng3 Nd5 34. Qc5 Nf4+
35. Kf1 Bb5+ 0-1

[Event "Gibraltar Masters 2020"]
[Site "Caleta ENG"]
[Date "2020.01.24"]
[Round "4.80"]
[White "Kosteniuk, Alexandra"]
[Black "Paramzina, Anastasya"]
[Result "1/2-1/2"]
[WhiteTitle "GM"]
[BlackTitle "WGM"]
[WhiteElo "2504"]
[BlackElo "2224"]
[WhiteFideId "4128125"]
[BlackFideId "4165012"]
[EventDate "2020.01.21"]

1. e4 c5 2. Nf3 d6 3. d4 Nf6 4. Nc3 cxd4 5. Nxd4 a6 6. Bg5 Nbd7 7. Bc4 Qb6 8.
Bb3 e6 9. a4 Qa5 10. Qd2 h6 11. Bxf6 Nxf6 12. O-O Be7 13. f4 Bd7 14. Rad1 Qc5
15. Kh1 O-O 16. Qe1 Rad8 17. a5 g6 18. Rd3 e5 19. Nde2 Bc6 20. f5 g5 21. Ng3 Kg7
22. Qe2 Rd7 23. Nh5+ Nxh5 24. Qxh5 Bf6 25. Ra1 Qb4 26. Qf3 Rh8 27. Nd5 Qc5 28.
Nb6 Rdd8 29. c3 Bb5 30. Rd2 h5 31. Ba4 g4 32. Qg3 Bxa4 33. Rxa4 Qb5 34. Qf2 Bg5
35. Rd5 g3 36. f6+ Kh6 37. hxg3 Qe8 38. Rc4 Qe6 39. Rc7 h4 40. gxh4 Bxh4 41. Qf3
Rdg8 42. Re7 Qg4 43. Rd3 Bg3 44. Qxg4 Rxg4 45. Kg1 Rhg8 46. Re3 Rf4 47. Re2 Rgg4
48. Nd5 Rxe4 49. Ne3 Kg6 50. Re8 Kh7 51. Rf8 Rgf4 52. Rxf7+ Kh8 1/2-1/2

[Event "Gibraltar Masters 2020"]
[Site "Caleta ENG"]
[Date "2020.01.24"]
[Round "4.81"]
[White "Sousa, Ludy Helsio Paulo"]
[Black "Stefanova, Antoaneta"]
[Result "0-1"]
[WhiteTitle "CM"]
[BlackTitle "GM"]
[WhiteElo "2247"]
[BlackElo "2469"]
[WhiteFideId "1504134"]
[BlackFideId "2902257"]
[EventDate "2020.01.21"]

1. e4 e5 2. Nf3 Nc6 3. Bc4 Bc5 4. b4 Bxb4 5. c3 Ba5 6. d4 d6 7. Qb3 Qd7 8. O-O
Bb6 9. Nbd2 Na5 10. Qc2 f6 11. Re1 Ne7 12. a4 Ng6 13. Ba2 Nf4 14. g3 Qg4 15. Kh1
Nh3 16. Re2 h5 17. Qd3 h4 18. Nf1 hxg3 19. fxg3 Bd7 20. Bd5 O-O-O 21. Bb2 c6 22.
Ba2 f5 23. N3d2 f4 24. Qf3 Qg6 25. gxf4 Bg4 26. Qg3 exf4 27. Qg2 f3 0-1

[Event "Gibraltar Masters 2020"]
[Site "Caleta ENG"]
[Date "2020.01.24"]
[Round "4.82"]
[White "Kovacevic, Blazimir"]
[Black "Oragwu, Chukwunonso"]
[Result "0-1"]
[WhiteTitle "GM"]
[BlackTitle "FM"]
[WhiteElo "2451"]
[BlackElo "2220"]
[WhiteFideId "14502712"]
[BlackFideId "8501254"]
[EventDate "2020.01.21"]

1. Nf3 Nf6 2. c4 g6 3. b4 Bg7 4. Bb2 O-O 5. g3 d6 6. Bg2 a5 7. b5 e5 8. d3 Nbd7
9. O-O Nc5 10. Nfd2 Be6 11. Nc3 Qc8 12. Ba3 Nfd7 13. Nd5 Qd8 14. Rb1 b6 15. Qc2
Rc8 16. Rbd1 h6 17. Nb1 Kh7 18. Nbc3 Bh8 19. e3 Bg4 20. Rd2 Bf5 21. Qd1 g5 22.
d4 exd4 23. exd4 Ne6 24. f4 gxf4 25. Nxf4 Nxf4 26. Rxf4 Bg6 27. Nd5 Nf6 28. Rdf2
Nxd5 29. Bxd5 Qe7 30. Re2 Qd7 31. Bc6 Qd8 32. Bc1 Bf6 33. h4 h5 34. Ref2 Bg7 35.
R4f3 Rb8 36. Bd5 Qd7 37. Kh2 Qg4 38. Be3 Rbe8 39. Qd2 Kg8 40. Rf4 Qc8 41. Bc6
Qe6 42. R2f3 Qxc4 43. d5 Re4 44. Rxe4 Qxe4 45. Rf2 Bf5 46. Bh6 Qg4 47. Bxg7 Kxg7
48. Qg5+ Qxg5 49. hxg5 Bg4 50. Kg2 Kg6 51. Rf4 Bf5 52. Rf1 Be4+ 53. Kf2 Kxg5 54.
Ke3 f5 0-1

[Event "Gibraltar Masters 2020"]
[Site "Caleta ENG"]
[Date "2020.01.24"]
[Round "4.83"]
[White "Seul, Georg"]
[Black "Cherniack, Alex"]
[Result "0-1"]
[WhiteTitle "IM"]
[WhiteElo "2401"]
[BlackElo "2211"]
[WhiteFideId "4601653"]
[BlackFideId "2007606"]
[EventDate "2020.01.21"]

1. Nf3 b6 2. g3 Bb7 3. Bg2 f5 4. O-O Nf6 5. d4 g6 6. c4 Bg7 7. Nc3 O-O 8. b3 Na6
9. Bb2 e6 10. e3 Qe7 11. Qe2 c5 12. Rad1 d6 13. Nb5 Rfd8 14. d5 exd5 15. cxd5
Nb4 16. Bxf6 Bxf6 17. a3 Nxd5 18. Ne1 Qf7 19. Qd3 a6 20. Nc7 Nxc7 21. Bxb7 Rab8
22. Bg2 d5 23. Qc2 Rd6 24. Nd3 Rbd8 25. a4 c4 26. Nf4 b5 27. axb5 axb5 28. Rd2
Na6 29. Qb1 c3 30. Ra2 Nb4 31. Ra5 Qd7 32. Rc1 d4 33. exd4 Rxd4 34. Bf1 Rd2 35.
Qa1 Qd4 36. Ne2 Qb6 0-1

[Event "Gibraltar Masters 2020"]
[Site "Caleta ENG"]
[Date "2020.01.24"]
[Round "4.84"]
[White "Wemmers, Xander"]
[Black "Mihajlov, Svetoslav"]
[Result "1-0"]
[WhiteTitle "IM"]
[BlackTitle "CM"]
[WhiteElo "2380"]
[BlackElo "2173"]
[WhiteFideId "1004182"]
[BlackFideId "1507168"]
[EventDate "2020.01.21"]

1. d4 Nf6 2. c4 e6 3. Nc3 Bb4 4. f3 O-O 5. a3 Bxc3+ 6. bxc3 b6 7. e4 Ne8 8. Bd3
Ba6 9. Nh3 Nc6 10. Qe2 Qh4+ 11. Nf2 Qe7 12. a4 Na5 13. e5 d5 14. Ba3 Qd7 15.
cxd5 Bxd3 16. Qxd3 exd5 17. Bxf8 Kxf8 18. Qxh7 1-0

[Event "Gibraltar Masters 2020"]
[Site "Caleta ENG"]
[Date "2020.01.24"]
[Round "4.85"]
[White "Injac, Teodora"]
[Black "Utiatskaja, Irina"]
[Result "1-0"]
[WhiteTitle "WIM"]
[BlackTitle "WIM"]
[WhiteElo "2284"]
[BlackElo "2143"]
[WhiteFideId "932400"]
[BlackFideId "24140848"]
[EventDate "2020.01.21"]

1. d4 Nf6 2. Nf3 g6 3. c4 Bg7 4. Nc3 d5 5. Qa4+ Bd7 6. Qb3 dxc4 7. Qxc4 Bc6 8.
Qd3 Nd5 9. e4 Nb4 10. Qd2 a5 11. a3 N4a6 12. Bc4 O-O 13. O-O Be8 14. Qf4 Nd7 15.
Qh4 Nb6 16. Ba2 c5 17. dxc5 Nxc5 18. Bg5 Bf6 19. Rfd1 Bd7 20. e5 Bxg5 21. Nxg5
h5 22. e6 Nxe6 23. Nxe6 fxe6 24. Rd3 Qe8 25. Re1 Rd8 26. Rde3 Rf6 27. Ne4 Rf5
28. Ng5 Nd5 29. Re4 Qf8 30. g4 Rf4 31. Bxd5 exd5 32. Rxe7 Qf6 33. Rf7 1-0

[Event "Gibraltar Masters 2020"]
[Site "Caleta ENG"]
[Date "2020.01.24"]
[Round "4.86"]
[White "Mieles Palau, Daniel"]
[Black "Mohota, Nisha"]
[Result "1-0"]
[WhiteTitle "IM"]
[BlackTitle "IM"]
[WhiteElo "2374"]
[BlackElo "2201"]
[WhiteFideId "3600467"]
[BlackFideId "5004330"]
[EventDate "2020.01.21"]

1. c4 e5 2. g3 Nf6 3. Bg2 d5 4. cxd5 Nxd5 5. Nf3 Nc6 6. O-O Nb6 7. b3 Bd6 8. Bb2
O-O 9. d3 Bg4 10. Nbd2 f5 11. Rc1 Qd7 12. Rxc6 bxc6 13. Bxe5 Rae8 14. Bb2 f4 15.
Ne4 Bh3 16. Qc1 Bxg2 17. Kxg2 Nd5 18. Qc4 Re6 19. g4 Rb8 20. Rc1 h6 21. h3 Rg6
22. Qxc6 Qxc6 23. Rxc6 Nb4 24. Rc4 Nxa2 25. Ra4 Nb4 26. Nh4 Re6 27. Nxd6 Rxe2
28. Bd4 cxd6 29. Rxa7 Nc6 30. Rxg7+ Kf8 31. Ng6+ Ke8 32. Nxf4 Re7 33. Rg6 Kd7
34. Be3 Rxb3 35. Rxh6 Ne5 36. Nd5 Rg7 37. Nf6+ Ke7 38. Nh5 Rg6 39. Rh7+ Kd8 40.
Nf4 Rg8 41. Nd5 Rg6 42. Nf4 Rg8 43. d4 Nc4 44. Ne6+ Ke8 45. Bg5 Rxg5 46. Nxg5
Rd3 47. Nf3 Nd2 48. Nxd2 Rxd2 49. h4 Rxd4 50. Kg3 d5 51. h5 Rd1 52. h6 d4 53.
Ra7 Rg1+ 54. Kf3 Rh1 55. h7 1-0

[Event "Gibraltar Masters 2020"]
[Site "Caleta ENG"]
[Date "2020.01.24"]
[Round "4.87"]
[White "Alboredo, Julia"]
[Black "Ioannidis, Evgenios"]
[Result "1-0"]
[WhiteTitle "WFM"]
[BlackTitle "IM"]
[WhiteElo "2190"]
[BlackElo "2373"]
[WhiteFideId "2124807"]
[BlackFideId "4229274"]
[EventDate "2020.01.21"]

1. e4 c5 2. Nf3 Nc6 3. d4 cxd4 4. Nxd4 Nf6 5. Nc3 d6 6. Bg5 e6 7. Qd2 a6 8.
O-O-O Bd7 9. f3 Nxd4 10. Qxd4 Rc8 11. Kb1 Be7 12. h4 Qa5 13. Qd2 b5 14. Bd3 b4
15. Ne2 O-O 16. g4 Bb5 17. Nc1 Qa4 18. h5 Rc6 19. e5 dxe5 20. Bxf6 Bxf6 21. g5
Be7 22. g6 Bxd3 23. Nxd3 Rfc8 24. gxf7+ Kf8 25. Rc1 Bf6 26. Rhe1 Rd6 27. Re4 a5
28. Qe3 Kxf7 29. Nxe5+ Kg8 30. Nc4 Rdc6 31. Nb6 Qb5 32. Nxc8 Rxc8 33. Rxe6 Qxh5
34. Re1 Kf8 35. Qb6 Qd5 36. Rxf6+ gxf6 37. Qxf6+ Qf7 38. Qd6+ 1-0

[Event "Gibraltar Masters 2020"]
[Site "Caleta ENG"]
[Date "2020.01.24"]
[Round "4.88"]
[White "Salimova, Nurgyul"]
[Black "Chigaeva, Anastasia"]
[Result "0-1"]
[WhiteTitle "IM"]
[BlackTitle "WFM"]
[WhiteElo "2372"]
[BlackElo "2156"]
[WhiteFideId "2915138"]
[BlackFideId "24131008"]
[EventDate "2020.01.21"]

1. e4 e6 2. d4 d5 3. Nc3 Nf6 4. Bg5 dxe4 5. Nxe4 Nbd7 6. Nf3 Be7 7. Nxf6+ Bxf6
8. h4 O-O 9. Bd3 c5 10. Qe2 cxd4 11. O-O-O e5 12. Qe4 g6 13. Bxf6 Qxf6 14. Bc4
Nb6 15. Qxe5 Qxe5 16. Nxe5 Nxc4 17. Nxc4 Rd8 18. Rd2 Be6 19. Ne5 Rac8 20. Kb1
Rd5 21. Nd3 Bf5 22. Re1 Kf8 23. f3 h5 24. a3 b6 25. Ree2 a5 26. Kc1 b5 27. Re5
Rxe5 28. Nxe5 f6 29. Nd3 Kf7 30. Kd1 g5 31. hxg5 fxg5 32. Nc1 g4 33. Ne2 gxf3
34. gxf3 d3 35. cxd3 h4 36. Nd4 Bd7 37. Rh2 h3 38. Kd2 Kf6 39. f4 Rg8 40. Nf3
Rg3 41. Ne5 Be6 42. Ke2 Kf5 43. Rf2 Rg2 44. Rxg2 hxg2 45. Nf3 Kxf4 46. Kf2 Bd7
47. Nd4 g1=Q+ 48. Kxg1 Ke3 49. Nb3 a4 50. Nc5 Bf5 51. b3 b4 52. bxa4 bxa3 53. a5
Be6 0-1

[Event "Gibraltar Masters 2020"]
[Site "Caleta ENG"]
[Date "2020.01.24"]
[Round "4.89"]
[White "Tejaswini, Sagar"]
[Black "Reimanis, Ritvars"]
[Result "1/2-1/2"]
[WhiteTitle "WIM"]
[BlackTitle "FM"]
[WhiteElo "2180"]
[BlackElo "2370"]
[WhiteFideId "5054290"]
[BlackFideId "11602988"]
[EventDate "2020.01.21"]

1. e4 c5 2. Nf3 Nc6 3. d4 cxd4 4. Nxd4 Nf6 5. Nc3 d6 6. Bg5 e6 7. Qd2 a6 8.
O-O-O Bd7 9. f4 h6 10. Bh4 b5 11. Bxf6 gxf6 12. Kb1 b4 13. Nce2 Qb6 14. f5 h5
15. Nxc6 Bxc6 16. fxe6 fxe6 17. Nf4 Bd7 18. Ng6 Bh6 19. Qxd6 Qxd6 20. Rxd6 Rg8
21. Nh4 Rg4 22. g3 Bf8 23. Rxa6 Rxa6 24. Bxa6 Rxe4 25. Bd3 Rd4 26. Bg6+ Kd8 27.
Bxh5 Rd2 28. Nf3 Rf2 29. Rd1 Kc7 30. c4 bxc3 31. bxc3 Bc6 32. Nd4 Bd7 33. Bf7 e5
34. Ne6+ Bxe6 35. Bxe6 Bd6 36. h4 e4 37. Re1 Bxg3 38. Rxe4 Rh2 1/2-1/2

[Event "Gibraltar Masters 2020"]
[Site "Caleta ENG"]
[Date "2020.01.24"]
[Round "4.90"]
[White "Hapala, Elisabeth"]
[Black "Padmini, Rout"]
[Result "1-0"]
[WhiteTitle "WFM"]
[BlackTitle "IM"]
[WhiteElo "2170"]
[BlackElo "2369"]
[WhiteFideId "1622080"]
[BlackFideId "5029295"]
[EventDate "2020.01.21"]

1. e4 c5 2. Nf3 Nc6 3. d4 cxd4 4. Nxd4 Nf6 5. Nc3 e5 6. Ndb5 d6 7. Bg5 a6 8. Na3
b5 9. Nd5 Be7 10. Bxf6 Bxf6 11. c3 O-O 12. Nc2 Rb8 13. Be2 Bg5 14. O-O g6 15.
Qd3 Bb7 16. Rfd1 Ne7 17. Nce3 Kh8 18. Nxe7 Bxe7 19. a4 bxa4 20. Rxa4 f5 21. exf5
Qd7 22. Ra5 Qc7 23. Ra2 gxf5 24. Nxf5 d5 25. Nxe7 Qxe7 26. Ra4 Bc6 27. Ra2 Rf6
28. Qxa6 Bb5 29. Bxb5 Rxa6 30. Bxa6 Qc5 31. Bf1 d4 32. cxd4 exd4 33. Ra4 Rd8 34.
Rc4 Qe5 35. b4 h5 36. h4 Kg7 37. g3 Kh6 38. b5 Rd6 39. Rb4 Qc5 40. Ra4 Kg7 41.
Rc4 Qe5 42. Rc7+ Kf6 43. Rc6 Rxc6 44. bxc6 Qc5 45. Be2 Ke5 46. Bf3 Kd6 47. Kg2
Qc3 48. Rb1 Kc7 49. Rb7+ Kc8 50. Rh7 d3 51. Rxh5 d2 52. Rd5 Qxc6 53. Rxd2 Qc5
54. Rd5 Qc1 55. h5 Kc7 56. g4 Qh6 57. g5 Qg7 58. Kg3 Kc6 59. Kh4 Kc7 60. Bg4 Qa1
61. Rd1 Qe5 62. Rh1 Qc5 63. Rh2 Kd6 64. h6 Ke5 65. Kg3 Qc3+ 66. Bf3 Qc1 67. Rh5
Qg1+ 68. Bg2 Qd1 69. Rh4 Qd3+ 70. Bf3 Qh7 71. Be4 Qg8 72. g6 Kf6 73. h7 Qb8+ 74.
Kg2 Qh8 75. Kg3 Qb8+ 76. Kg2 Qh8 77. Rf4+ Ke5 78. Kf3 Kd4 79. Rf5 Qg7 80. Rd5+
Kc4 81. Rf5 Qh8 82. Kg4 Kd4 83. f3 Ke3 84. Rd5 Qc8+ 85. Rf5 Qh8 86. Rf7 Qc8+ 87.
Kh4 Qd8+ 88. Kh5 Qe8 89. Kh6 Qe5 90. Rf8 Qh2+ 91. Kg7 Qe5+ 92. Kg8 Qe6+ 93. Kh8
Qe5+ 94. g7 Qd4 95. Bg6 Kf2 96. Kg8 Qd5+ 97. Bf7 1-0

[Event "Gibraltar Masters 2020"]
[Site "Caleta ENG"]
[Date "2020.01.24"]
[Round "4.91"]
[White "De Abreu, Roberto N"]
[Black "Melia, Salome"]
[Result "0-1"]
[WhiteTitle "FM"]
[BlackTitle "IM"]
[WhiteElo "2154"]
[BlackElo "2368"]
[WhiteFideId "14307472"]
[BlackFideId "13602446"]
[EventDate "2020.01.21"]

1. d4 g6 2. c4 Bg7 3. Nf3 e6 4. g3 d5 5. Bg2 Ne7 6. O-O O-O 7. Nc3 Nbc6 8. e3 b6
9. Qa4 a5 10. Rd1 Bb7 11. cxd5 exd5 12. Bd2 Nf5 13. Be1 Re8 14. Ne5 Nce7 15.
Rac1 c5 16. Qd7 Qb8 17. Nxd5 Bxe5 18. dxe5 Bxd5 19. Rxd5 Ra7 20. Qb5 Nxd5 21.
Bxd5 Rxe5 22. Rxc5 Nd4 23. exd4 Rxe1+ 24. Kg2 Rc7 25. Bf3 Rxc5 26. dxc5 Re5 27.
Qxb6 Qxb6 28. cxb6 Rb5 29. b7 Rxb2 30. Bd5 Rb4 31. a3 Rb6 32. g4 Kf8 33. g5 Ke7
34. a4 f6 35. gxf6+ Kxf6 36. f4 Ke7 37. h4 Kd6 38. Be4 Kc7 39. h5 Rb4 40. Kf3
Rxa4 41. Bxg6 h6 42. Be4 Rb4 43. Bd3 a4 44. f5 Rxb7 45. Bc4 a3 46. f6 Kd8 47.
Ke4 Rb4 48. Kd5 Rxc4 0-1

[Event "Gibraltar Masters 2020"]
[Site "Caleta ENG"]
[Date "2020.01.24"]
[Round "4.92"]
[White "Veltkamp, Gerben"]
[Black "Shachar, Ehud"]
[Result "0-1"]
[BlackTitle "IM"]
[WhiteElo "2140"]
[BlackElo "2363"]
[WhiteFideId "4631307"]
[BlackFideId "2802198"]
[EventDate "2020.01.21"]

1. e4 e6 2. d4 d5 3. Nd2 Nf6 4. e5 Nfd7 5. Bd3 c5 6. c3 Nc6 7. Ngf3 g6 8. O-O
Bg7 9. Bc2 cxd4 10. cxd4 f6 11. exf6 Nxf6 12. Nb3 O-O 13. Bg5 Qb6 14. Rc1 a5 15.
a4 Ne4 16. Be3 Nb4 17. Ne5 Qd8 18. Bb1 b6 19. Qg4 Nf6 20. Qh3 Bd7 21. Nd2 Qe7
22. b3 Rfc8 23. Ndf3 Nc6 24. Ng5 Nd8 25. Nxh7 Nxh7 26. Nxg6 Qf6 27. Ne5 Nf8 28.
Ng4 Qe7 29. Nh6+ Bxh6 30. Bxh6 Qf6 31. Qg4+ Kf7 32. Qh5+ Ng6 33. Bg5 Qg7 34.
Rce1 Nc6 35. Bh6 Rh8 36. Bxg7 Rxh5 37. Be5 Ngxe5 38. dxe5 Rxe5 39. Rc1 Rc8 40.
f4 Re3 41. f5 e5 0-1

[Event "Gibraltar Masters 2020"]
[Site "Caleta ENG"]
[Date "2020.01.24"]
[Round "4.93"]
[White "Zhukova, Natalia"]
[Black "Bottke, Hartmut"]
[Result "1-0"]
[WhiteTitle "GM"]
[WhiteElo "2338"]
[BlackElo "2185"]
[WhiteFideId "14101513"]
[BlackFideId "4627873"]
[EventDate "2020.01.21"]

1. c4 Nf6 2. Nc3 g6 3. e4 d6 4. d4 Bg7 5. f3 O-O 6. Bg5 c5 7. d5 h6 8. Be3 e6 9.
Qd2 exd5 10. cxd5 Nbd7 11. Nh3 Ne5 12. Nf2 h5 13. Be2 Nh7 14. O-O a6 15. a4 g5
16. f4 gxf4 17. Bxf4 h4 18. Nd3 Ng6 19. Bh6 Bxh6 20. Qxh6 Qg5 21. Qxg5 Nxg5 22.
Bh5 c4 23. Bxg6 fxg6 24. Rxf8+ Kxf8 25. Ne1 Bg4 26. Nc2 Rc8 27. Rf1+ Nf7 28. Nd4
Ke7 29. Rf4 Bd7 30. Rxh4 g5 31. Rh7 Kf6 32. Nf5 Kg6 33. Rg7+ Kf6 34. Rxf7+ 1-0

[Event "Gibraltar Masters 2020"]
[Site "Caleta ENG"]
[Date "2020.01.24"]
[Round "4.94"]
[White "Seewi, Joram"]
[Black "Nandhidhaa, P V"]
[Result "0-1"]
[BlackTitle "WIM"]
[WhiteElo "2109"]
[BlackElo "2312"]
[WhiteFideId "16260350"]
[BlackFideId "5050847"]
[EventDate "2020.01.21"]

1. d4 Nf6 2. Nf3 d5 3. c4 e6 4. g3 Bb4+ 5. Bd2 Be7 6. Nc3 O-O 7. cxd5 exd5 8.
Bg2 c6 9. O-O Bf5 10. Bf4 h6 11. Ne5 Nbd7 12. h3 Re8 13. g4 Bh7 14. Bg3 Bb4 15.
Qb3 Qe7 16. Nxd7 Nxd7 17. a3 Bxc3 18. bxc3 Nb6 19. Ra2 Nc4 20. a4 b6 21. Re1 Qe6
22. e3 Bd3 23. f3 Qg6 24. e4 Na5 25. Qd1 dxe4 26. fxe4 Bxe4 27. Rae2 f5 28. Bxe4
Rxe4 29. Rxe4 fxe4 30. Qb1 Re8 31. Be5 Nc4 32. Qb3 Qf7 33. Rxe4 Nxe5 34. Qxf7+
Kxf7 35. dxe5 Ke6 36. c4 Rd8 37. Kg2 Rd3 38. a5 bxa5 39. h4 c5 40. Re2 Rd4 41.
Kf3 Rxc4 42. h5 a4 43. Rb2 a3 44. Ra2 Ra4 0-1

[Event "Gibraltar Masters 2020"]
[Site "Caleta ENG"]
[Date "2020.01.24"]
[Round "4.95"]
[White "Pein, Malcolm"]
[Black "Stewart, Ashley"]
[Result "1/2-1/2"]
[WhiteTitle "IM"]
[WhiteElo "2310"]
[BlackElo "2152"]
[WhiteFideId "400289"]
[BlackFideId "419001"]
[EventDate "2020.01.21"]

1. d4 Nf6 2. Nf3 g6 3. g3 Bg7 4. Bg2 O-O 5. O-O d6 6. b3 Nc6 7. Bb2 e5 8. dxe5
Nd7 9. Qc1 Ndxe5 10. c4 Nxf3+ 11. exf3 Re8 12. Rd1 Qe7 13. Bxg7 Kxg7 14. Nc3 f6
15. Nd5 Qf7 16. Qc3 Be6 17. f4 Rac8 18. Rac1 Bxd5 19. cxd5 Ne7 20. Qa5 a6 21.
Rxc7 Rxc7 22. Qxc7 Nf5 23. Qxf7+ Kxf7 24. Bh3 Rc8 25. Bxf5 gxf5 26. Rd2 b5 27.
Kf1 a5 28. Ke2 Rc3 29. Kd1 a4 30. Rc2 Rd3+ 31. Ke2 Rxd5 32. Rc7+ Kg6 33. bxa4
bxa4 34. Ra7 Rd4 35. a3 h5 36. h4 Rc4 37. Kd3 Rc1 38. Rxa4 Ra1 39. Kc3 Ra2 40.
Kb3 Rxf2 41. Rd4 Rf3+ 42. Kb4 Rxg3 43. a4 Rg4 44. a5 Rxh4 45. a6 Rh1 46. Kb5 Re1
47. a7 Re8 48. Ra4 Ra8 49. Kb6 h4 50. Kb7 Rxa7+ 51. Rxa7 Kh5 52. Kc6 Kg4 53. Kd5
Kxf4 54. Kd4 d5 55. Kd3 h3 56. Ke2 h2 57. Rh7 Kg3 58. Rg7+ Kf4 59. Rh7 Kg3 60.
Rg7+ Kf4 61. Rh7 1/2-1/2

[Event "Gibraltar Masters 2020"]
[Site "Caleta ENG"]
[Date "2020.01.24"]
[Round "4.96"]
[White "De Haan, Eric"]
[Black "Spence, David J"]
[Result "1/2-1/2"]
[WhiteTitle "FM"]
[WhiteElo "2308"]
[BlackElo "2146"]
[WhiteFideId "1005006"]
[BlackFideId "407429"]
[EventDate "2020.01.21"]

1. d4 e6 2. c4 Nf6 3. Nc3 Bb4 4. f3 Nc6 5. a3 Bxc3+ 6. bxc3 b6 7. e4 Ba6 8. Bg5
h6 9. Bh4 g5 10. Bf2 e5 11. Bd3 Qe7 12. Ne2 Nh5 13. g3 f6 14. O-O Na5 15. c5
Bxd3 16. Qxd3 d6 17. dxe5 dxe5 18. Rad1 O-O 19. f4 Rfd8 20. Qf3 Ng7 21. Rd5 c6
22. Rxd8+ Qxd8 23. fxe5 fxe5 24. Be3 b5 25. Qf7+ Kh7 26. Rf6 Qe8 27. Qc7 Nc4 28.
Rf7 Qg8 29. Nd4 Rf8 30. Rxg7+ Qxg7 31. Qxg7+ Kxg7 32. Ne6+ Kf7 33. Nxf8 Kxf8 34.
Bc1 Kf7 35. Kf2 g4 36. Ke2 h5 37. Kd3 Ke6 38. Ke2 Kd7 39. Kd3 Kc7 40. Kc2 Kb7
41. Kb3 Kc7 1/2-1/2

[Event "Gibraltar Masters 2020"]
[Site "Caleta ENG"]
[Date "2020.01.24"]
[Round "4.97"]
[White "Semprun Martinez, Fernando"]
[Black "Povah, Nigel E"]
[Result "1/2-1/2"]
[BlackTitle "IM"]
[WhiteElo "2099"]
[BlackElo "2284"]
[WhiteFideId "2203170"]
[BlackFideId "400467"]
[EventDate "2020.01.21"]

1. Nf3 d5 2. d4 Nf6 3. c4 e6 4. g3 dxc4 5. Bg2 c6 6. Ne5 Bb4+ 7. Bd2 Be7 8. e3
b5 9. Nxc6 Nxc6 10. Bxc6+ Bd7 11. Bxa8 Qxa8 12. f3 e5 13. dxe5 Ng4 14. O-O Nxe5
15. Bc3 f6 16. Nd2 Bh3 17. a4 Bxf1 18. Qxf1 Bc5 19. Qe2 Qd5 20. axb5 O-O 21. Kg2
Rd8 22. e4 Qd7 23. Nxc4 Qxb5 24. Bxe5 fxe5 25. Rc1 Bd4 26. Rc2 Rb8 27. f4 exf4
28. gxf4 Rf8 29. f5 Qa6 30. Rd2 Rd8 31. e5 Qc6+ 32. Kg3 Qh6 33. Nd6 Qg5+ 34. Kh3
Rxd6 35. exd6 Qxf5+ 36. Qg4 Qf1+ 37. Rg2 Qd3+ 38. Rg3 Qf1+ 39. Rg2 Qd3+ 40. Rg3
Qf1+ 1/2-1/2

[Event "Gibraltar Masters 2020"]
[Site "Caleta ENG"]
[Date "2020.01.24"]
[Round "4.98"]
[White "Bru Rullo, Llatzer"]
[Black "Baert, Andy"]
[Result "1-0"]
[WhiteTitle "FM"]
[BlackTitle "FM"]
[WhiteElo "2273"]
[BlackElo "2138"]
[WhiteFideId "22219668"]
[BlackFideId "200107"]
[EventDate "2020.01.21"]

1. d4 Nf6 2. c4 e6 3. Nc3 Bb4 4. e3 O-O 5. Bd3 d5 6. Nf3 c5 7. O-O Nc6 8. a3 Ba5
9. h3 dxc4 10. Bxc4 Qe7 11. Qe2 Bc7 12. dxc5 Qxc5 13. b4 Qh5 14. Bb2 a6 15. Rac1
Rd8 16. Rfd1 Rxd1+ 17. Qxd1 b5 18. Bd3 Ne5 19. Nxb5 Nxf3+ 20. Qxf3 Qxf3 21. gxf3
Bd8 22. Nd6 Bd7 23. Ne4 Nxe4 24. Bxe4 Rc8 25. Rd1 Bb5 26. Bb7 1-0

[Event "Gibraltar Masters 2020"]
[Site "Caleta ENG"]
[Date "2020.01.24"]
[Round "4.99"]
[White "Rangel, Daniel"]
[Black "Vega Gutierrez, Belinda"]
[Result "1-0"]
[WhiteTitle "FM"]
[BlackTitle "WIM"]
[WhiteElo "2269"]
[BlackElo "2132"]
[WhiteFideId "2124475"]
[BlackFideId "2229994"]
[EventDate "2020.01.21"]

1. d4 d5 2. Nf3 Nf6 3. c4 e6 4. g3 Be7 5. Bg2 O-O 6. O-O b6 7. Nc3 Bb7 8. Nd2
Nbd7 9. e4 dxe4 10. Ndxe4 Nxe4 11. Nxe4 Rb8 12. Qc2 Nf6 13. Rd1 Nxe4 14. Bxe4
Bxe4 15. Qxe4 Bg5 16. d5 Bxc1 17. Raxc1 exd5 18. cxd5 Re8 19. Qf4 Re7 20. Rc6 h6
21. Qc4 Rd7 22. Rd3 a5 23. a4 Qe7 24. Re3 Qb4 25. Qxb4 axb4 26. d6 cxd6 27. Rb3
d5 28. Kf1 d4 29. Ke2 Ra8 30. Rxb6 Rxa4 31. R6xb4 Ra6 32. Rb8+ Kh7 33. R8b7 Rxb7
34. Rxb7 Rf6 35. f4 g5 36. fxg5 hxg5 37. b4 Ra6 38. Rxf7+ Kg6 39. Rd7 Ra2+ 40.
Kf3 Rxh2 41. Rxd4 Kf5 42. Rd5+ Kf6 43. Kg4 Rb2 44. Rf5+ Ke6 45. b5 Rb3 46. Rxg5
Kf6 47. Rc5 Ke6 48. Kh4 Kd6 49. Rh5 1-0